Komiksy z serii Kajko i Kokosz - Statystyki

Ogólne statystyki
  • Ten quiz został rozwiązany 32 razy
  • Średni wynik to 7 z 14
Statystyki odpowiedzi
Tytuł % Poprawnych
Szkoła latania
92%
Szranki i konkury
58%
Złoty puchar
58%
Na wczasach
54%
Dzień Smiechały
50%
Cudowny lek
46%
Urodziny Milusia
46%
Woje Mirmiła
46%
Wielki turniej
38%
W krainie Borostworów
38%
Zamach na Milusia
38%
Festiwal czarownic
35%
Mirmił w opałach
35%
Skarby Mirmiła
27%
Nie znaleziono quizów pasujących do podanych kryteriów
Rozkład punktacji
Procent ludzi z każdym wynikiem
Percentyl według liczby udzielonych odpowiedzi
Twoja historia wyników
Nie rozwiązałeś tego quizu